| 000 | 00530nab a2200145Ia 4500 | ||
|---|---|---|---|
| 003 | ES-SlBCS | ||
| 005 | 20210601123930.0 | ||
| 008 | 140529s2008 xxu||||| |||| 00| 0 eng d | ||
| 041 | _aeng | ||
| 100 | 1 |
_aMcgrath, Sean J. _9131952 |
|
| 245 | 0 | 0 |
_aAlternative Confessions, Conflicting Faiths: A Review of The Influence of Augustine on Heidegger _c Sean J. Mcgrath |
| 600 | 0 | 4 |
_aAgustín de Hipona-Heidegger _9132084 |
| 773 | 0 |
_tAmerican Catholic Philosophical Quarterly _gvol. 82, nº. 2, 2008, págs. 317-335 _wRev1385 |
|
| 942 | _cAR | ||
| 999 |
_c506405 _d506405 |
||